| 000 | 00571nam a22002057a 4500 | ||
|---|---|---|---|
| 003 | KOHA_MİRAKIL | ||
| 005 | 20260324122636.0 | ||
| 008 | 260324b tu ||||| |||| 00| 0 tur d | ||
| 020 | _a9786058805804 | ||
| 040 |
_aTR-AnABB _btur _cTR-AnABB |
||
| 041 | _atur | ||
| 082 |
_a818.4209 _bOZE 2011 |
||
| 100 | 1 | _aÖzer , Ahmet | |
| 245 | 1 | 0 |
_aÇığlık / _cAhmet Özer |
| 260 |
_aTrabzon : _bKıyı dergisi yayınları, _c2011 |
||
| 300 |
_a159 sayfa : _c20 cm |
||
| 500 | _aYazar imzalı | ||
| 650 | 0 | 4 | _aTürk edebiyatı, çeşitli eserler |
| 942 |
_2ddc _cBK |
||
| 999 |
_c10015 _d10015 |
||
| 900 | _bCem ÖZOGLU | ||